01187nam a2200169Ia 4500001001300000003001000013008004100023040002500064041000700089100002100096245004800117250001100165260003400176300001200210500073500222650006000957b6726-48103 IT-MiCISF161014s9999||||xx |||||||||||||| ||und|| aIT-MiCISFcIT-MiCISF ait aFerraroli Sandro 0aEducare si puòbFamiglia e scuola insieme a1a ed. a Leumann (TO)bElledicic2010 app. 230 a / educazione, scuola, bullismo, famiglia / Il libro prende lo spunto dalla domanda: è possibile educare, dal momento che sia nel mondo ecclesiale che in quello laicale si parla sempre più frequentemente di emergenza educativa? La risposta è positiva, a patto che si verifichino determinate condizioni, che l'A. - salesiano, docente universitario e direttore del COSPES di Bologna - illustra nel volume trattando svariati argomenti: il bullismo a scuola; l'esperienza educativa di Don Bosco; la scuola come comunità educativa; la relazione del docente con allievi, colleghi, genitori; stili e strategie nella dinamica apprendimento/insegnamento; scuola e famiglia: una relazione complessa; come aiutare i figli a crescere. a Genitorialità e problemi educativi / educazionee004